Relational goods, monitoring and non-pecuniary compensations in the nonprofit sector: the case of the Italian social services (Record no. 74809)

000 -LEADER
fixed length control field 00639pab a2200205 454500
008 - FIXED-LENGTH DATA ELEMENTS--GENERAL INFORMATION
fixed length control field 180718b2007 xxu||||| |||| 00| 0 eng d
100 ## - MAIN ENTRY--PERSONAL NAME
Personal name Mosca, Michele
245 ## - TITLE STATEMENT
Title Relational goods, monitoring and non-pecuniary compensations in the nonprofit sector: the case of the Italian social services
260 ## - PUBLICATION, DISTRIBUTION, ETC.
Date of publication, distribution, etc. 2007
300 ## - PHYSICAL DESCRIPTION
Extent p.57-86.
362 ## - DATES OF PUBLICATION AND/OR SEQUENTIAL DESIGNATION
Dates of publication and/or sequential designation Mar
650 ## - SUBJECT ADDED ENTRY--TOPICAL TERM
Topical term or geographic name entry element Social services - Italy
650 ## - SUBJECT ADDED ENTRY--TOPICAL TERM
Topical term or geographic name entry element Nonprofit organizations - Italy
650 ## - SUBJECT ADDED ENTRY--TOPICAL TERM
Topical term or geographic name entry element Nonprofit organizations
700 ## - ADDED ENTRY--PERSONAL NAME
Personal name Pastore, Francesco
700 ## - ADDED ENTRY--PERSONAL NAME
Personal name Musella, Marco
773 ## - HOST ITEM ENTRY
Main entry heading Annals of Public and Cooperative Economics
908 ## - PUT COMMAND PARAMETER (RLIN)
Put command parameter N
909 ## -
-- 74809
Holdings
Withdrawn status Lost status Damaged status Not for loan Permanent Location Current Location Date acquired Serial Enumeration / chronology Barcode Date last seen Price effective from Koha item type
        Indian Institute of Public Administration Indian Institute of Public Administration 2018-07-19 Volume no: 78, Issue no: 1 AR75269 2018-07-19 2018-07-19 Articles

Powered by Koha